Intervenciones de Daniel Oduber Quirós e Israel Márquez /

Salvato in:
Dettagli Bibliografici
Autore principale: Oduber Quirós, Daniel
Altri autori: Márquez, Israel
Natura: testo
Pubblicazione: Heredia: CEDAL
Soggetti:
Tags: Aggiungi Tag
Nessun Tag, puoi essere il primo ad aggiungerne!!

MARC

LEADER 00000 a a2200000 04500
001 15494
003
040
090 |a 019200  
100 |a Oduber Quirós, Daniel  
245 |a Intervenciones de Daniel Oduber Quirós e Israel Márquez /  |c Daniel Oduber Quirós 
260 |a Heredia:   |b CEDAL  
300 |a 6 p.  
650 |a SOLIDARIDAD  
700 |a Márquez, Israel  
999 |c 2312  |d 2312